000
00293nam a2200133 4500
008
190522s ||||CZ d
245
1
0
_a
Pochopení zázraku života
100
1
_a
Uspenskij Peter
_9
1132
250
_a
1.vydanie
020
_c
0
041
1
_a
cze
044
_a
CZ
958
_a
AUL
999
_c
22433
_d
22433